000 00303 a2200133 4500
005 20250610092825.0
020 _a978-81-261-4377-1
082 _a338.4 TAN
100 _aTANDON, A.
245 _aEntrepreneurship
260 _aNew Delhi
_bANMOL
_c2010
300 _a296P.
_bIndex
_c21cm.
942 _2ddc
_cBKS
999 _c3400
_d3400